| 000 | 00751nam a2200217Ia 4500 | ||
|---|---|---|---|
| 003 | GCL | ||
| 008 | 140319s9999 xx 000 0 ara d | ||
| 020 | _a5329801977 | ||
| 040 |
_aGCL / _cGCL |
||
| 082 | 0 | 4 |
_aق _b920.71 _bج ك |
| 100 | 1 | _aجنيور، جاك كرابس | |
| 245 | 1 | 0 |
_aكتابة التاريخ فى مصر القرن التاسع عشر / _cجنيور، جاك كرابس |
| 700 | 1 | _aعبدالوهاب بكر | |
| 250 | _aالاولى | ||
| 260 |
_aالقاهرة : _bالهيئة المصرية العامة للكتاب ، _c1993 |
||
| 300 |
_a215 ؛ _c24 سم |
||
| 490 |
_aالالف كتاب الثانى _v118 |
||
| 650 | 0 | 4 | _aالعصر الحديث |
| 650 | 0 | 4 | _aالمؤرخون المصريون |
| 942 |
_2ddc _cBK |
||
| 999 |
_c52474 _d52474 |
||